Human growth

Guardat en:
Dades bibliogràfiques
Autor principal: Falkner, Frank
Altres autors: Tanner, James M
Format: Llibre
Idioma:espanyol
Publicat: New York, USA Plenum 1978
Matèries:
Etiquetes: Afegir etiqueta
Sense etiquetes, Sigues el primer a etiquetar aquest registre!

MARC

LEADER 00000nam a2200000 a 4500
001 UCL4355
003 CL-VaPUC
005 20240129154735.0
008 040109e19780000US |||||||||||||||||spa|d
999 |c 307224  |d 307222 
020 |a 0306344610 (v.1) 
020 |a 0306344629 (v.2) 
020 |a 0306344637 (v.3) 
040 |c Pontificia Universidad Católica de Valparaíso 
082 0 4 |a 612.64 FAL 1978  |2 21 
100 0 |a Falkner, Frank  |9 481877 
245 1 0 |a Human growth 
260 |a New York, USA  |b Plenum  |c 1978 
300 |a 3 v 
505 |a v.1: principles and prenatal growth. v.2: postnatal growth. v.3: Neurobiology and nutrition. 
583 |a last modification  |c 20040109 00:00:00  |k Rodrigo Vera 
650 0 |a Crecimiento humano   |9 481879 
650 0 |a Cuerpo humano  |9 257169 
650 0 |a Gestación   |9 344858 
650 0 |a Neurobiología   |9 269798 
700 0 |a Tanner, James M  |9 481878 
942 |c BK  |2 ddc 
945 |d 20040109 00:00:00  |a cmena 
952 |0 0  |1 0  |4 0  |6 612_640000000000000_FAL_1978  |7 0  |8 A  |9 372983  |a BIBCUR  |b BIBCUR  |d 2019-11-21  |h v.1  |i 2086875  |o 612.64 FAL 1978  |p 2086875  |r 2025-04-22  |t 1  |w 2019-11-21  |y BK  |k BIO 
952 |0 0  |1 0  |4 0  |6 612_640000000000000_FAL_1978  |7 0  |8 A  |9 372984  |a BIBCUR  |b BIBCUR  |d 2019-11-21  |h v.2  |i 2086883  |o 612.64 FAL 1978  |p 2086883  |r 2025-04-22  |t 1  |w 2019-11-21  |y BK  |k BIO 
952 |0 0  |1 0  |4 0  |6 612_640000000000000_FAL_1978  |7 0  |8 A  |9 372985  |a BIBCUR  |b BIBCUR  |d 2019-11-21  |h v.3  |i 2086891  |o 612.64 FAL 1978  |p 2086891  |r 2025-04-22  |t 1  |w 2019-11-21  |y BK  |k BIO